Fr. Conceicao Rodrigues College of Engineering

Solid state electronic devices (Record no. 28371)

MARC details
000 -LEADER
fixed length control field 00352nam a2200157Ia 4500
082 ## - DEWEY DECIMAL CLASSIFICATION NUMBER
Classification number 621.381
Item number BHA
100 ## - MAIN ENTRY--PERSONAL NAME
Personal name Bhattacharya/D.K
245 ## - TITLE STATEMENT
Title Solid state electronic devices
260 ## - PUBLICATION, DISTRIBUTION, ETC.
Name of publisher, distributor, etc. Oxford university press
Date of publication, distribution, etc. 2007
366 ## - TRADE AVAILABILITY INFORMATION
Publishers's discount category 20
300 ## - PHYSICAL DESCRIPTION
Extent 537
546 ## - LANGUAGE NOTE
Language note ENGLISH
-- PAMPHALETS
650 ## - SUBJECT ADDED ENTRY--TOPICAL TERM
Topical term or geographic name entry element ELECTRONICS
942 ## - ADDED ENTRY ELEMENTS (KOHA)
Koha item type BOOK
Holdings
Withdrawn status Lost status Damaged status Not for loan Collection Home library Current library Date acquired Source of acquisition Cost, normal purchase price Inventory number Total Checkouts Full call number Barcode Date due Date last seen Date last checked out Cost, replacement price Price effective from Koha item type
        CRC Fr. Agnel's C.Rodrigues College of Engineering Fr. Agnel's C.Rodrigues- College of Engineering 17/03/2023 Vakratund Book House 236.00 3441 dt 20/03/2012 1 621.381 BHA 21932 09/08/2013 12/06/2023 12/06/2023 295.00   BOOK